| 000 -LEADER |
| fixed length control field |
00775nam a22002295a 4500 |
| 001 - CONTROL NUMBER |
| control field |
19152 |
| 003 - CONTROL NUMBER IDENTIFIER |
| control field |
BD-DhUAP |
| 005 - DATE AND TIME OF LATEST TRANSACTION |
| control field |
20200202145325.0 |
| 008 - FIXED-LENGTH DATA ELEMENTS--GENERAL INFORMATION |
| fixed length control field |
200202s2013 bg 000 0 eng d |
| 040 ## - CATALOGING SOURCE |
| Original cataloging agency |
DLC |
| Transcribing agency |
BD-DhUAP |
| Language of cataloging |
Eng |
| Modifying agency |
BD-DhUAP |
| 082 ## - DEWEY DECIMAL CLASSIFICATION NUMBER |
| Edition number |
23 |
| Classification number |
347 RAH |
| 100 1# - MAIN ENTRY--PERSONAL NAME |
| Personal name |
Rahman, Md. Mukhlasur. |
| 245 10 - TITLE STATEMENT |
| Title |
Laws on partition suits : |
| Remainder of title |
a book of laws relating to joint properties, suits for partition and the Partition Act, 1893 / |
| Statement of responsibility, etc. |
Md. Mukhlasur Rahman. |
| 260 ## - PUBLICATION, DISTRIBUTION, ETC. |
| Place of publication, distribution, etc. |
Mymensingh, Bangladesh : |
| Name of publisher, distributor, etc. |
Md. Mukhlasur Rahman, |
| Date of publication, distribution, etc. |
c2013. |
| 300 ## - PHYSICAL DESCRIPTION |
| Extent |
xvi, 362 pages ; |
| Dimensions |
22 cm. |
| 650 ## - SUBJECT ADDED ENTRY--TOPICAL TERM |
| Topical term or geographic name entry element |
Partition Act. |
| 650 ## - SUBJECT ADDED ENTRY--TOPICAL TERM |
| Topical term or geographic name entry element |
Partition |
| General subdivision |
Pakistan. |
| 650 ## - SUBJECT ADDED ENTRY--TOPICAL TERM |
| Topical term or geographic name entry element |
Partition |
| General subdivision |
India. |
| 906 ## - LOCAL DATA ELEMENT F, LDF (RLIN) |
| a |
7 |
| b |
ibc |
| c |
orignew |
| d |
3 |
| e |
ncip |
| f |
19 |
| g |
y-gencatlg |
| 942 ## - ADDED ENTRY ELEMENTS (KOHA) |
| Source of classification or shelving scheme |
|
| Koha item type |
Book |